000 00463nam a22001697a 4500
999 _c4091
_d4091
003 GBCCL
005 20241126110510.0
008 180110b xxu||||| |||| 00| 0 eng d
020 _a1852401702
040 _cgbc
082 _a243
_bSAM
100 _aSampson, Steve
_97849
245 _aI was always on my mind:
_bAre we building His kingdom or Ours /
_cSteve Sampson
260 _aEngland:
_bSovereign World,
_c1996
300 _a158 p.;
_c21 cm.
942 _2ddc
_cBK